| 000 | 00620nam a22001697a 4500 | ||
|---|---|---|---|
| 008 | 230711b |||||||| |||| 00| 0 eng d | ||
| 040 |
_aNational Science Library _cNational Science Library |
||
| 080 |
_a63:33=417.7 _bK3 |
||
| 100 | _aKopikar, Go R | ||
| 245 | _aबेकार भूमि के विकास की सी एस आई आर कृषि प्रोद्योगिक | ||
| 246 | _aBekar bhumi k vikas ki CSIR krishi prodhyogik | ||
| 260 |
_aNew Delhi: _bCouncil of Scientific and Industrial Research |
||
| 300 | _a40p. | ||
| 650 | _aScience | ||
| 653 | _aLand | ||
| 942 |
_2udc _cHBK |
||
| 999 |
_c51234 _d51234 |
||